Statistiques concernant Ville de Belgique

Cliquez ici pour prendre le quiz!

Statistiques générales

  • Ce quiz a été pris 233 fois
  • Le résultat moyen est 37 sur 136

Statistiques - réponses

HabitantsProvinceRéponse% Correct
506.922AnversAnvers
92%
197.013LiègeLiège
90%
168.230sansBruxelles
87%
110.691NamurNamur
87%
117.639Flandre occidentaleBruges
86%
249.008Flandre orientaleGand
85%
204.670HainautCharleroi
84%
3.301Flandre occidentaleLo-Reninge
75%
93.366HainautMons
75%
98.002Brabant flamandLouvain
72%
70.618Flandre occidentaleOstende
72%
28.339LuxembourgArlon
71%
74.694LimbourgHasselt
68%
69.751HainautTournai
63%
33.277Brabant wallonWavre
62%
82.573AnversMalines
61%
75.645Flandre occidentaleCourtrai
60%
65.321LimbourgGenk
53%
15.127LuxembourgBastogne
51%
13.912NamurDinant
50%
78.895HainautLa Louvière
50%
19.254LiègeEupen
49%
56.023HainautMouscron
48%
21.354LiègeHuy
47%
73.317Flandre orientaleSaint-Nicolas
46%
28.543HainautAth
45%
31.190Brabant wallonOttignies-Louvain-la-Neuve
45%
82.037Flandre orientaleAlost
44%
56.594LiègeVerviers
42%
9.896HainautChimay
41%
26.843Brabant wallonNivelles
41%
35.242Flandre occidentaleYpres
39%
63.968LiègeSeraing
38%
17.454LuxembourgMarche-en-Famenne
36%
10.487LiègeSpa
36%
40.357LimbourgSaint-Trond
35%
21.355HainautBraine-le-Comte
34%
36.922Brabant flamandHal
34%
12.345LiègeMalmedy
34%
33.009HainautBinche
33%
11.326LuxembourgDurbuy
33%
26.536HainautSoignies
31%
11.670LuxembourgVirton
31%
36.822Flandre occidentaleWaregem
31%
25.729NamurAndenne
29%
5.426LuxembourgBouillon
29%
41.097Brabant flamandVilvorde
29%
9.089NamurPhilippeville
28%
15.670NamurCiney
26%
59.147Flandre occidentaleRoulers
26%
14.789LiègeWaremme
26%
24.206NamurGembloux
25%
39.967Flandre orientaleLokeren
25%
7.284LuxembourgNeufchâteau
25%
12.515NamurRochefort
25%
24.198Brabant WallonTubize
25%
30.650LimbourgTongres
24%
41.708AnversTurnhout
24%
13.103HainautEnghien
23%
11.551Flandre occidentaleFurnes
23%
33.133Brabant flamandTirlemont
23%
39.242LiègeHerstal
22%
34.392AnversLierre
22%
44.546Flandre orientaleTermonde
22%
36.191HainautChâtelet
21%
15.587LiègeHannut
21%
23.004HainautSaint-Ghislain
21%
30.318Flandre orientaleAudenarde
20%
13.923NamurCouvin
20%
13.519HainautLeuze-en-Hainaut
20%
33.448LimbourgLommel
20%
37.325Flandre orientaleNinove
19%
19.362Flandre occidentaleBlankenberge
18%
17.890HainautComines-Warneton
18%
13.612Brabant wallonJodoigne
18%
11.384Flandre occidentaleNieuport
18%
28.761Brabant flamandAarschot
17%
29.822Flandre orientaleDeinze
17%
32.733Flandre orientaleGrammont
17%
9.481LiègeSaint-Vith
17%
37.884AnversGeel
16%
17.265HainautPéruwelz
16%
31.412LimbourgBilzen
15%
5.652LuxembourgSaint-Hubert
15%
14.611HainautThuin
15%
10.845Flandre occidentaleDamme
14%
16.466Flandre occidentaleDixmude
14%
25.429Flandre orientaleRenaix
14%
25.420Flandre orientaleZottegem
14%
27.469AnversHerentals
13%
4.249LuxemburgLa Roche-en-Ardenne
13%
33.018Flandre occidentaleMenin
13%
20.009Flandre occidentalePoperinge
13%
6.919LiègeStavelot
13%
17.341LiègeVisé
13%
7.693HainautAntoing
12%
23.328Brabant flamandDiest
12%
15.137Brabant wallonGenappe
12%
5.900LiègeLimbourg
12%
20.468Flandre orientaleEeklo
11%
5.516LuxembourgFlorenville
11%
17.262HainautFontaine-l'Evêque
11%
17.213LiègeHerve
11%
8.207HainautLe Rœulx
11%
20.176Flandre occidentaleTorhout
11%
7.090HainautBeaumont
10%
6.665HainautChièvres
10%
5.068LuxembourgHouffalize
10%
20.008Flandre occidentaleTielt
10%
9.050NamurBeauraing
9%
15.410LimbourgBrée
9%
5.168LuxembourgChiny
9%
22.742HainautFleurus
9%
27.007Flandre occidentaleHarelbeke
9%
15.574Brabant flamandLanden
9%
18.402HainautLessines
9%
24.865LimbourgMaaseik
9%
43.697LimbourgBeringen
8%
27.442Flandre occidentaleIzegem
8%
16856LuxembourgAubange
7%
25.246AnversMortsel
7%
10.041NamurFosses-la-Ville
6%
20.408AnversHoogstraten
6%
18.401Flandre occidentaleWervik
6%
18.210NamurWalcourt
5%
19.977LimbourgDilsen-Stokken
4%
11.813Flandre occidentaleGistel
4%
9.361LimbourgHalen
4%
12.340LimbourgHerck-la-Ville
4%
10.539LimbourgLooz
4%
952Flandre occidentaleMessines
4%
16.216LimbourgPeer
4%
9.131Flandre occidentaleOudenburg
3%
14.246LimbourgHamont-Achel
2%
8.255Brabant flamandLéau
2%
22.617Brabant flamandMontaigu-Zichem
2%

Distribution des résultats

Percentile par nombre de réponses

% des personnes avec chaque résultat

Votre développement - résultats

Vous n’avez pas pris ce quiz